<?xml version="1.0" encoding="UTF-8"?>
<record
    xmlns:xsi="http://www.w3.org/2001/XMLSchema-instance"
    xsi:schemaLocation="http://www.loc.gov/MARC21/slim http://www.loc.gov/standards/marcxml/schema/MARC21slim.xsd"
    xmlns="http://www.loc.gov/MARC21/slim">

  <leader>03436nam a22003977a 4500</leader>
  <controlfield tag="005">20100804113043.0</controlfield>
  <controlfield tag="008">100412t        xxu||||| |||| 00| 0 ur d</controlfield>
  <datafield tag="020" ind1=" " ind2=" ">
    <subfield code="c">150.00</subfield>
    <subfield code="a">9788182234802</subfield>
  </datafield>
  <datafield tag="035" ind1=" " ind2=" ">
    <subfield code="a">B-395345-355</subfield>
  </datafield>
  <datafield tag="037" ind1=" " ind2=" ">
    <subfield code="b">Educational Publishing House</subfield>
  </datafield>
  <datafield tag="040" ind1=" " ind2=" ">
    <subfield code="a">dpl</subfield>
    <subfield code="b">ur</subfield>
  </datafield>
  <datafield tag="082" ind1=" " ind2=" ">
    <subfield code="a">841.092</subfield>
  </datafield>
  <datafield tag="100" ind1=" " ind2=" ">
    <subfield code="a">&#x636;&#x6CC;&#x627;&#x621; &#x627;&#x644;&#x631;&#x62D;&#x645;&#x627;&#x646;</subfield>
    <subfield code="9">616</subfield>
  </datafield>
  <datafield tag="245" ind1=" " ind2=" ">
    <subfield code="a">&#x633;&#x627;&#x62D;&#x631;&#x644;&#x62F;&#x6BE;&#x64A;&#x627;&#x646;&#x648;&#x6CC; :</subfield>
    <subfield code="c">&#x636;&#x6CC;&#x627;&#x621; &#x627;&#x644;&#x631;&#x62D;&#x645;&#x627;&#x646;&#x61B; &#x645;&#x631;&#x62A;&#x628;&#x6BE; &#x646;&#x6A9;&#x6C1;&#x62A; &#x627;&#x641;&#x634;&#x627;&#x6BA; &#x62E;&#x627;&#x62A;&#x648;&#x646;</subfield>
    <subfield code="b">  &#x62D;&#x6CC;&#x627;&#x62A; &#x627;&#x648;&#x631; &#x634;&#x627; &#x639;&#x631;&#x6CC; / </subfield>
  </datafield>
  <datafield tag="246" ind1=" " ind2=" ">
    <subfield code="a">Sahir Ludhyanvi: Hayat Aur Shairy /</subfield>
    <subfield code="b">by Zeyaur Rahman; edited by Nikhat Afshan Khatoon </subfield>
  </datafield>
  <datafield tag="260" ind1=" " ind2=" ">
    <subfield code="a"> &#x62F;&#x644;&#x651;&#x6CC;</subfield>
    <subfield code="b">&#x627;&#x6CC;&#x62C;&#x648;&#x6A9;&#x64A;&#x634;&#x646;&#x644; &#x67E;&#x628;&#x644;&#x634;&#x646;&#x6AF; &#x6C1;&#x627;&#x624;&#x633;</subfield>
    <subfield code="c">2009</subfield>
  </datafield>
  <datafield tag="270" ind1=" " ind2=" ">
    <subfield code="a">3108,VakilStreet, Kucha Pandit, Lal Kuan</subfield>
    <subfield code="b"> Delhi</subfield>
    <subfield code="e">110006</subfield>
    <subfield code="k">23216162, 23214465</subfield>
    <subfield code="m"> info@ephbooks.com, ephdelhi@yahoo.com</subfield>
    <subfield code="l">0091-11-23211540</subfield>
  </datafield>
  <datafield tag="300" ind1=" " ind2=" ">
    <subfield code="a">183 &#x635;</subfield>
    <subfield code="c">22 &#x633; &#x645;  (Hb)</subfield>
  </datafield>
  <datafield tag="500" ind1=" " ind2=" ">
    <subfield code="a"> </subfield>
  </datafield>
  <datafield tag="600" ind1=" " ind2=" ">
    <subfield code="a">&#x6A9;&#x6C1;&#x627; &#x646;&#x6CC;</subfield>
    <subfield code="9">966</subfield>
  </datafield>
  <datafield tag="600" ind1=" " ind2=" ">
    <subfield code="a">Story</subfield>
    <subfield code="9">967</subfield>
  </datafield>
  <datafield tag="700" ind1=" " ind2=" ">
    <subfield code="9">4765</subfield>
    <subfield code="a">&#x639;&#x644;&#x648;&#x6CC; &#x645;&#x638;&#x6C1;&#x631;&#x627;&#x644;&#x62D;&#x642;</subfield>
  </datafield>
  <datafield tag="942" ind1=" " ind2=" ">
    <subfield code="2">ddc</subfield>
    <subfield code="c">UR</subfield>
    <subfield code="h">841.092</subfield>
    <subfield code="m">&#x633; &#x627; &#x62D;</subfield>
  </datafield>
  <datafield tag="999" ind1=" " ind2=" ">
    <subfield code="c">39145</subfield>
    <subfield code="d">39145</subfield>
  </datafield>
  <datafield tag="952" ind1=" " ind2=" ">
    <subfield code="0">0</subfield>
    <subfield code="1">0</subfield>
    <subfield code="2">ddc</subfield>
    <subfield code="4">0</subfield>
    <subfield code="7">0</subfield>
    <subfield code="8">NFIC</subfield>
    <subfield code="a">L</subfield>
    <subfield code="b">L</subfield>
    <subfield code="d">2010-08-04</subfield>
    <subfield code="e">EPH /3406 / 31.03.10 / 4:5 / 25.03.10 / 31.03.10</subfield>
    <subfield code="g">150.00</subfield>
    <subfield code="l">0</subfield>
    <subfield code="o">841.092 &#x633; &#x627; &#x62D;</subfield>
    <subfield code="p">B-395345</subfield>
    <subfield code="r">2010-08-04 00:00:00</subfield>
    <subfield code="t">1</subfield>
    <subfield code="v">150.00</subfield>
    <subfield code="w">2010-08-04</subfield>
    <subfield code="y">UR</subfield>
  </datafield>
  <datafield tag="952" ind1=" " ind2=" ">
    <subfield code="0">0</subfield>
    <subfield code="1">0</subfield>
    <subfield code="2">ddc</subfield>
    <subfield code="4">0</subfield>
    <subfield code="7">0</subfield>
    <subfield code="8">NFIC</subfield>
    <subfield code="a">M</subfield>
    <subfield code="b">M</subfield>
    <subfield code="d">2010-08-04</subfield>
    <subfield code="e">EPH /3406 / 31.03.10 / 4:5 / 25.03.10 / 31.03.10</subfield>
    <subfield code="g">150.00</subfield>
    <subfield code="l">0</subfield>
    <subfield code="o">841.092 &#x633; &#x627; &#x62D;</subfield>
    <subfield code="p">B-395346</subfield>
    <subfield code="r">2010-08-04 00:00:00</subfield>
    <subfield code="t">3</subfield>
    <subfield code="v">3.00</subfield>
    <subfield code="w">2010-08-04</subfield>
    <subfield code="y">UR</subfield>
  </datafield>
  <datafield tag="952" ind1=" " ind2=" ">
    <subfield code="0">0</subfield>
    <subfield code="1">0</subfield>
    <subfield code="2">ddc</subfield>
    <subfield code="4">0</subfield>
    <subfield code="7">0</subfield>
    <subfield code="8">NFIC</subfield>
    <subfield code="a">M</subfield>
    <subfield code="b">M</subfield>
    <subfield code="d">2010-08-04</subfield>
    <subfield code="e">EPH /3406 / 31.03.10 / 4:5 / 25.03.10 / 31.03.10</subfield>
    <subfield code="g">150.00</subfield>
    <subfield code="l">0</subfield>
    <subfield code="o">841.092 &#x633; &#x627; &#x62D;</subfield>
    <subfield code="p">B-395347</subfield>
    <subfield code="r">2010-08-04 00:00:00</subfield>
    <subfield code="t">3</subfield>
    <subfield code="v">150.00</subfield>
    <subfield code="w">2010-08-04</subfield>
    <subfield code="y">UR</subfield>
  </datafield>
  <datafield tag="952" ind1=" " ind2=" ">
    <subfield code="0">0</subfield>
    <subfield code="1">0</subfield>
    <subfield code="2">ddc</subfield>
    <subfield code="4">0</subfield>
    <subfield code="7">0</subfield>
    <subfield code="8">NFIC</subfield>
    <subfield code="a">M</subfield>
    <subfield code="b">M</subfield>
    <subfield code="d">2010-08-04</subfield>
    <subfield code="e">EPH /3406 / 31.03.10 / 4:5 / 25.03.10 / 31.03.10</subfield>
    <subfield code="g">150.00</subfield>
    <subfield code="l">0</subfield>
    <subfield code="o">841.092 &#x633; &#x627; &#x62D;</subfield>
    <subfield code="p">B-395348</subfield>
    <subfield code="r">2010-08-04 00:00:00</subfield>
    <subfield code="t">3</subfield>
    <subfield code="v">150.00</subfield>
    <subfield code="w">2010-08-04</subfield>
    <subfield code="y">UR</subfield>
  </datafield>
  <datafield tag="952" ind1=" " ind2=" ">
    <subfield code="0">0</subfield>
    <subfield code="1">0</subfield>
    <subfield code="2">ddc</subfield>
    <subfield code="4">0</subfield>
    <subfield code="7">0</subfield>
    <subfield code="8">NFIC</subfield>
    <subfield code="a">BL1</subfield>
    <subfield code="b">BL1</subfield>
    <subfield code="d">2010-08-04</subfield>
    <subfield code="e">EPH /3406 / 31.03.10 / 4:5 / 25.03.10 / 31.03.10</subfield>
    <subfield code="g">150.00</subfield>
    <subfield code="l">0</subfield>
    <subfield code="o">841.092 &#x633; &#x627; &#x62D;</subfield>
    <subfield code="p">B-395349</subfield>
    <subfield code="r">2010-08-04 00:00:00</subfield>
    <subfield code="t">1</subfield>
    <subfield code="v">150.00</subfield>
    <subfield code="w">2010-08-04</subfield>
    <subfield code="y">UR</subfield>
  </datafield>
  <datafield tag="952" ind1=" " ind2=" ">
    <subfield code="0">0</subfield>
    <subfield code="1">0</subfield>
    <subfield code="2">ddc</subfield>
    <subfield code="4">0</subfield>
    <subfield code="7">0</subfield>
    <subfield code="8">NFIC</subfield>
    <subfield code="a">JP</subfield>
    <subfield code="b">JP</subfield>
    <subfield code="d">2010-08-04</subfield>
    <subfield code="e">EPH /3406 / 31.03.10 / 4:5 / 25.03.10 / 31.03.10</subfield>
    <subfield code="g">150.00</subfield>
    <subfield code="l">2</subfield>
    <subfield code="o">841.092 &#x633; &#x627; &#x62D;</subfield>
    <subfield code="p">B-395350</subfield>
    <subfield code="r">2020-03-12 00:00:00</subfield>
    <subfield code="s">2020-02-27</subfield>
    <subfield code="t">1</subfield>
    <subfield code="v">150.00</subfield>
    <subfield code="w">2010-08-04</subfield>
    <subfield code="y">UR</subfield>
  </datafield>
  <datafield tag="952" ind1=" " ind2=" ">
    <subfield code="0">0</subfield>
    <subfield code="1">0</subfield>
    <subfield code="2">ddc</subfield>
    <subfield code="4">0</subfield>
    <subfield code="7">0</subfield>
    <subfield code="8">NFIC</subfield>
    <subfield code="a">SP</subfield>
    <subfield code="b">SP</subfield>
    <subfield code="d">2010-08-04</subfield>
    <subfield code="e">EPH /3406 / 31.03.10 / 4:5 / 25.03.10 / 31.03.10</subfield>
    <subfield code="g">150.00</subfield>
    <subfield code="l">0</subfield>
    <subfield code="o">841.092 &#x633; &#x627; &#x62D;</subfield>
    <subfield code="p">B-395351</subfield>
    <subfield code="r">2010-08-04 00:00:00</subfield>
    <subfield code="t">1</subfield>
    <subfield code="v">150.00</subfield>
    <subfield code="w">2010-08-04</subfield>
    <subfield code="y">UR</subfield>
  </datafield>
  <datafield tag="952" ind1=" " ind2=" ">
    <subfield code="0">0</subfield>
    <subfield code="1">0</subfield>
    <subfield code="2">ddc</subfield>
    <subfield code="4">0</subfield>
    <subfield code="7">0</subfield>
    <subfield code="8">NFIC</subfield>
    <subfield code="a">BL3</subfield>
    <subfield code="b">BL3</subfield>
    <subfield code="d">2010-08-04</subfield>
    <subfield code="e">EPH /3406 / 31.03.10 / 4:5 / 25.03.10 / 31.03.10</subfield>
    <subfield code="g">150.00</subfield>
    <subfield code="l">0</subfield>
    <subfield code="o">841.092 &#x633; &#x627; &#x62D;</subfield>
    <subfield code="p">B-395352</subfield>
    <subfield code="r">2010-08-04 00:00:00</subfield>
    <subfield code="t">1</subfield>
    <subfield code="v">150.00</subfield>
    <subfield code="w">2010-08-04</subfield>
    <subfield code="y">UR</subfield>
  </datafield>
  <datafield tag="952" ind1=" " ind2=" ">
    <subfield code="0">0</subfield>
    <subfield code="1">0</subfield>
    <subfield code="2">ddc</subfield>
    <subfield code="4">0</subfield>
    <subfield code="7">0</subfield>
    <subfield code="8">NFIC</subfield>
    <subfield code="a">NR</subfield>
    <subfield code="b">NR</subfield>
    <subfield code="d">2010-08-04</subfield>
    <subfield code="e">EPH /3406 / 31.03.10 / 4:5 / 25.03.10 / 31.03.10</subfield>
    <subfield code="g">150.00</subfield>
    <subfield code="l">0</subfield>
    <subfield code="o">841.092 &#x633; &#x627; &#x62D;</subfield>
    <subfield code="p">B-395353</subfield>
    <subfield code="r">2010-08-04 00:00:00</subfield>
    <subfield code="t">1</subfield>
    <subfield code="v">150.00</subfield>
    <subfield code="w">2010-08-04</subfield>
    <subfield code="y">UR</subfield>
  </datafield>
  <datafield tag="952" ind1=" " ind2=" ">
    <subfield code="0">0</subfield>
    <subfield code="1">0</subfield>
    <subfield code="2">ddc</subfield>
    <subfield code="4">0</subfield>
    <subfield code="7">0</subfield>
    <subfield code="8">NFIC</subfield>
    <subfield code="a">BL4</subfield>
    <subfield code="b">BL4</subfield>
    <subfield code="d">2010-08-04</subfield>
    <subfield code="e">EPH /3406 / 31.03.10 / 4:5 / 25.03.10 / 31.03.10</subfield>
    <subfield code="g">150.00</subfield>
    <subfield code="l">0</subfield>
    <subfield code="o">841.092 &#x633; &#x627; &#x62D;</subfield>
    <subfield code="p">B-395354</subfield>
    <subfield code="r">2010-08-04 00:00:00</subfield>
    <subfield code="t">1</subfield>
    <subfield code="v">150.00</subfield>
    <subfield code="w">2010-08-04</subfield>
    <subfield code="y">UR</subfield>
  </datafield>
  <datafield tag="952" ind1=" " ind2=" ">
    <subfield code="0">0</subfield>
    <subfield code="1">0</subfield>
    <subfield code="2">ddc</subfield>
    <subfield code="4">0</subfield>
    <subfield code="7">0</subfield>
    <subfield code="8">NFIC</subfield>
    <subfield code="a">RC4</subfield>
    <subfield code="b">RC4</subfield>
    <subfield code="d">2010-08-04</subfield>
    <subfield code="e">EPH /3406 / 31.03.10 / 4:5 / 25.03.10 / 31.03.10</subfield>
    <subfield code="g">150.00</subfield>
    <subfield code="l">0</subfield>
    <subfield code="o">841.092 &#x633; &#x627; &#x62D;</subfield>
    <subfield code="p">B-395355</subfield>
    <subfield code="r">2010-08-04 00:00:00</subfield>
    <subfield code="t">1</subfield>
    <subfield code="v">150.00</subfield>
    <subfield code="w">2010-08-04</subfield>
    <subfield code="y">UR</subfield>
  </datafield>
</record>
